Представление документа в формате RUSMARC

ПолеНазваниеЗначение
  Тип записи a
  Библиографический уровень m
001 Контрольный номер b27d1699459b46fb961298d54d305f4b
005 Дата корректировки 20201206205207.2
010 Индекс ISBN __
a ISBN 978-5-91671-850-8 (в пер.)
d Цена 632-96, 1500 экз.
100 Данные общей обработки __
a Данные общей обработки 19190709d2018||||||| 0rusy0189 ca
101 Язык документа 0_
a Язык текста rus
102 Страна публикации __
a Страна публикации ru|
102 Страна публикации __
a Страна публикации RU
105 Кодированные данные (монография) __
a Кодированные данные (монография) #||||||||||zy
200 Заглавие и сведения об ответственности 1_
a Заглавие Метод Ли Страсберга
e Сведения, относящиеся к заглавию сборник упражнений по актерскому мастерству
f Первые сведения об ответственности Лола Коэн ; перевод с английского [Розы Пискотиной]
b Общее обозначение материала Текст
210 Выходные данные __
a Место издания Москва
c Издательство Альпина нон-фикшн
d Дата издания 2018
215 Физическое описание __
a Объем 414, [1] с.
d Формат 24 см
300 Общие примечания __
a Общие примечания The Method Acting Exercises Handbook
330 Аннотация __
a Аннотация Эта небольшая книга - на удивление емкое и полезное руководство по актерскому мастерству. Упражнения в сборнике изначально придуманы Ли Страсбергом, создавшим свой Метод в ответ на систему Станиславского и развивавшим его идеи. В Америке эта система стала известна как Метод, и он успешно вдохновлял множество актеров, среди которых такие знаменитости, как Марлон Брандо и Мэрилин Монро. Метод направлен на тренировку воображения, концентрации, чувств и эмоций, чтобы воссоздавать - не имитировать - логичное и правдивое поведение, будь то театральная сцена, кино или телевидение. Автор книги Лола Коэн, ученица Ли Страсберга, на протяжении многих лет делает экскурс в историю Метода, разъясняет и обосновывает его суть, дает детальное описание упражнений, снабжая их ценными советами. Для каждой группы упражнений приводятся комментарии актеров, рассказывающих о своем опыте, и фотографии студентов и театральных коллективов всего мира, осваивающих Метод. Но книга предназначена не только для актеров. То, что можно почерпнуть из нее о работе артиста над собой и своим персонажем, полезно не только актеру, но и режиссеру, и педагогу, и драматургу, о которых автор не забывает на протяжении всей книги и посвящает им отдельную главу.
600 Персоналии __
a Персоналии (Фамилия) Страсберг, Л.
f Даты 1901-1982
g Полное имя Ли
606 Тематические рубрики __
a Основная рубрика Музыка и зрелищные искусства
606 Тематические рубрики __
a Основная рубрика Драматический театр
610 Ключевые слова __
a Ключевые слова актеры
610 Ключевые слова __
a Ключевые слова актерское искусство
610 Ключевые слова __
a Ключевые слова актерское мастерство
610 Ключевые слова __
a Ключевые слова актерское творчество
610 Ключевые слова __
a Ключевые слова драматические актеры
610 Ключевые слова __
a Ключевые слова драматическое искусство
610 Ключевые слова __
a Ключевые слова сценическая речь
610 Ключевые слова __
a Ключевые слова сценические действия
610 Ключевые слова __
a Ключевые слова сценическое искусство
610 Ключевые слова __
a Ключевые слова сценическое мастерство
610 Ключевые слова __
a Ключевые слова актерские упражнения
610 Ключевые слова __
a Ключевые слова метод Ли Страсберга
610 Ключевые слова __
a Ключевые слова метод Страсберга
610 Ключевые слова __
a Ключевые слова техника Ли Страсберга
610 Ключевые слова __
a Ключевые слова техника Страсберга
610 Ключевые слова __
a Ключевые слова Ли Страсберга метод
610 Ключевые слова __
a Ключевые слова Страсберга метод
610 Ключевые слова __
a Ключевые слова Ли Страсберга техника
610 Ключевые слова __
a Ключевые слова Страсберга техника
686 Индексы других классификаций __
2 Код системы rubbks
a Классификационный индекс 85.334.0,76
700 Автор _1
a Фамилия Коэн
b Имя Л.
g Полное личное имя Лола
4 Код отношения 070
702 Вторичная интеллектуальная ответственность _1
a Фамилия Пискотина
b Имя Р. М.
4 Код отношения Переводчик
g Полное личное имя Роза Михайловна
4 Код отношения 730
801 Источник записи _0
a Страна ru
b Организация Муниципальное бюджетное учреждение культуры "Централизованная библиотечная система" г. Сургут (Центральная городская библиотека им. А. С. Пушкина)
c Дата составления 20190709
g Правила каталогизации PSBO
801 Источник записи _1
a Страна ru
b Организация Муниципальное бюджетное учреждение культуры "Централизованная библиотечная система" г. Сургут (Центральная городская библиотека им. А. С. Пушкина)
c Дата составления 20190709
g Правила каталогизации PSBO
852 Данные о местонахождении __
j Шифр хранения 85.334.0,76
i Авторский знак К 76
901 Тип документа __
t Тип документа m
a Ответственный КиК/Мамарузиева
903 Характеристики (МАРС) __
a Дата передачи 20190709
990 Данные о заказе (DOS) __
j Количество экземпляров (DOS) 1
t N записи в КСУ для И/У (DOS) 201907